| 000 | 00832nas a2200277 4500 | ||
|---|---|---|---|
| 001 | BR7900342 | ||
| 003 | BR-BrBNA | ||
| 005 | 20231205083613.0 | ||
| 007 | ta | ||
| 008 | 230509b bl.|||p| |||| 00| 00por d | ||
| 040 |
_aBR-BrBNA _bpor _cBiblioteca Nacional de Agricultura |
||
| 041 | _a(En) | ||
| 072 | _aF22 | ||
| 100 | 1 | _aLord, K.A. | |
| 100 | 1 | _aAndrea, M.M. de | |
| 100 | 1 | _aHelene, C.G. | |
| 100 | 1 | _aRuegg, E.F. | |
| 245 | 1 | _aLaboratory tests of the persistence of pesticides in two brazilian soils [pesticida, solo] | |
| 650 | _aQUIMICA DO SOLO | ||
| 650 | _aPESTICIDA | ||
| 650 | _aINSETICIDA | ||
| 650 | _aANALISE DO SOLO | ||
| 773 | 0 |
_tArquivos do Instituto Biologico (Brazil) _xISSN 0020-3653 _g(Jul 1978), v. 45(3) p. 197-200 _wBR7900342 |
|
| 909 |
_a202311 _bLúcia _c55 _dLúcia Elande |
||
| 942 |
_2AGRIS _n0 _cANA |
||
| 999 |
_c99986 _d99986 |
||